Statistics for Women's Super League Teams 2020/21

Click here to take the quiz!

General Stats

  • This quiz has been taken 67 times
  • The average score is 8 of 12

Answer Stats

Answer% Correct
1Arsenal
98%
6Chelsea
98%
5Brighton
80%
8Man City
80%
2Aston Villa
76%
10Reading
67%
12West Ham United
63%
7Everton
59%
3Birmingham City
52%
4Bristol City
52%
9Man Utd
35%
11Tottenham Hotspurs
19%

Score Distribution

Percentile by Number Answered

Percent of People with Each Score

Your Score History

You have not taken this quiz